El sistema jurídico de la ejecución penal
Guardat en:
| Autor principal: | |
|---|---|
| Format: | Llibre |
| Idioma: | espanyol |
| Publicat: |
Buenos Aires
Instituto de Investigaciones y Docencia Criminológicas
1959
|
| Col·lecció: | Cuadernos de Criminología, 6
|
| Matèries: | |
| Etiquetes: |
Afegir etiqueta
Sense etiquetes, Sigues el primer a etiquetar aquest registre!
|
MARC
| LEADER | 00000nam a2200000 a 4500 | ||
|---|---|---|---|
| 001 | UCS0251 | ||
| 003 | CL-VaPUC | ||
| 008 | 970418e19590000AG |||||||||||||||||spa|d | ||
| 082 | 0 | 4 | |a 347.077 |b LUD |2 21 |
| 100 | |a Luder, Italo A. |e autor |9 383491 | ||
| 245 | 1 | 3 | |a El sistema jurídico de la ejecución penal |
| 300 | |a 81 p | ||
| 942 | |c BK | ||
| 945 | |d 19970418 00:00:00 |a paguirre | ||
| 260 | |a Buenos Aires |b Instituto de Investigaciones y Docencia Criminológicas |c 1959 | ||
| 650 | 0 | |a Sentencias |9 256250 | |
| 650 | 0 | |a Procedimiento penal |9 254974 | |
| 650 | 0 | |a Penas |9 255927 | |
| 650 | 0 | |a Códigos |9 352314 | |
| 650 | 0 | |a Prisiones |9 255309 | |
| 650 | 7 | |a SENTENCIAS DE PRISION |2 CL-VaPUC |9 383492 | |
| 651 | 0 | |a Argentina |9 254888 | |
| 583 | |a last modification |c 19970418 00:00:00 |k Rodrigo Vera | ||
| 490 | 0 | |a Cuadernos de Criminología, 6 | |
| 999 | |c 258490 |d 258488 | ||
| 952 | |0 0 |1 0 |2 ddc |4 0 |6 347_077000000000000_LUD_1959 |7 0 |8 A |9 282642 |a BIBDER |b BIBDER |d 2019-11-19 |i 1832778 |o 347.077 LUD 1959 |p 1832778 |r 2023-01-25 |w 2019-11-19 |y MX |k DER | ||